Geometry Dash - Most Downloaded Easy Demons - Statistics

General Stats
  • This quiz has been taken 111 times
    47 since last reset
  • The average score is 10 of 20
Answer Stats
Publisher Update Answer Downloads % Correct
Jax 1.2 The Nightmare 139,500,000
100%
timeless real 1.2 THE LIGHTNING ROAD 85,500,000
95%
Voxicat 2.1 iSpyWithMyLittleEye 69,100,000
92%
Jerry4 1.9 Platinum Adventure 65,000,000
78%
TriAxis 2.0 X 58,600,000
73%
ZenthicAlpha 1.9 Speed Racer 62,100,000
62%
Caustic 1.9 Death Moon  54,100,000
59%
Rek3dge 1.9 DeCode 31,400,000
46%
IIINePtunEIII 1.5 Xstep v2 55,700,000
46%
M2coL 1.2 demon park 26,500,000
38%
Dhafin 1.9 Problematic 27,800,000
38%
TriAxis 2.0 Dear Nostalgists 36,800,000
35%
ChaSe 2.0 Sidestep 30,100,000
35%
IIINePtunEIII 1.5 Theory of every v2 25,900,000
35%
RealOggY 1.6 demon mixed 24,900,000
32%
haoN 2.1 Extinction 54,000,000
30%
TheRealDarnoc 1.3 yStep 36,600,000
24%
MasK463 1.5 Crescendo 35,000,000
22%
TrueNature 1.8 Laser Room 45,900,000
22%
Rob Buck 1.8 Buck Force 25,100,000
19%
No matching quizzes found
Score Distribution
Percent of People with Each Score
Percentile by Number Answered
Your Score History
You have not taken this quiz since the last reset